|
|
|
|
| LEADER |
00000cam a2200000 7i4500 |
| 001 |
0000003602 |
| 005 |
20070920.0 |
| 020 |
0 |
0 |
|a 1405307609
|
| 090 |
0 |
0 |
|a 635.903
|b POL
|
| 100 |
1 |
0 |
|a Pollock, Michael
|
| 245 |
0 |
0 |
|a Illustrated Dictionary of Gardening :
|b The definitive reference guide to plants, techniques, and gardening terms
|c Michael Pollock, Mark Griffiths.
|
| 260 |
0 |
0 |
|a London :
|b Dorling Kindersley ,
|c 2005
|
| 300 |
|
|
|a 864p. :
|b ill.,col. ;
|c 26cm.
|
| 500 |
0 |
0 |
|a Published in collaboration with the Royal Horticultural Society
|
| 650 |
0 |
0 |
|a Greenhouse plants
|
| 650 |
0 |
0 |
|a Plants, Cultivated
|
| 700 |
1 |
1 |
|a Griffths, Mark
|
| 710 |
2 |
1 |
|a Royal Horticultural Society
|
| 999 |
|
|
|a 0000007203
|b Monograph
|c Open Shelf
|e Default branch
|